My Dad the Tuk Tuk Driver / (Record no. 48956)
| 000 -LEADER | |
|---|---|
| fixed length control field | 00360nam a22001217a 4500 |
| 008 - FIXED-LENGTH DATA ELEMENTS--GENERAL INFORMATION | |
| fixed length control field | 250609b |||||||| |||| 00| 0 eng d |
| 020 ## - INTERNATIONAL STANDARD BOOK NUMBER | |
| International Standard Book Number | 9781937954062 |
| 100 ## - MAIN ENTRY--PERSONAL NAME | |
| Personal name | Leslie Falconer |
| 9 (RLIN) | 86342 |
| 245 ## - TITLE STATEMENT | |
| Title | My Dad the Tuk Tuk Driver / |
| 260 ## - PUBLICATION, DISTRIBUTION, ETC. (IMPRINT) | |
| Place of publication, distribution, etc | USA |
| Name of publisher, distributor, etc | Experience Early Learning Company |
| Date of publication, distribution, etc | 2013 |
| 300 ## - PHYSICAL DESCRIPTION | |
| Extent | 34 p |
| Other physical details | col. ill. |
| Dimensions | 25.5 cm x 24.1 cm |
| 942 ## - ADDED ENTRY ELEMENTS (KOHA) | |
| Source of classification or shelving scheme | |
| Koha item type | Book |
| Withdrawn status | Lost status | Source of classification or shelving scheme | Damaged status | Not for loan | Collection code | Home library | Current library | Date acquired | Total Checkouts | Full call number | Barcode | Date last seen | Price effective from | Koha item type | Shelving location |
|---|---|---|---|---|---|---|---|---|---|---|---|---|---|---|---|
| Non-Fiction | Asian Hope Siem Reap | Asian Hope Siem Reap | 06/09/2025 | NFIC LES | 208259 | 06/09/2025 | 06/09/2025 | Book | |||||||
| Siem Riep | Asian Hope Siem Reap | Asian Hope Siem Reap | 06/09/2025 | E FAL | 208251 | 06/09/2025 | 06/09/2025 | Book | Easy Reading | ||||||
| Siem Riep | Asian Hope Siem Reap | Asian Hope Siem Reap | 06/09/2025 | E FAL | 208255 | 06/09/2025 | 06/09/2025 | Book | Easy Reading | ||||||
| Non-Fiction | Asian Hope Siem Reap | Asian Hope Siem Reap | 06/09/2025 | NFIC LES | 208263 | 06/09/2025 | 06/09/2025 | Book |